LIBRARY ONLINE CATALOGUE

Mombasa : (Record no. 12483)

MARC details
000 -LEADER
fixed length control field 00550nam a22001932 4500
001 - CONTROL NUMBER
control field 0000001008
005 - DATE AND TIME OF LATEST TRANSACTION
control field 20151217155807.0
008 - FIXED-LENGTH DATA ELEMENTS--GENERAL INFORMATION
fixed length control field 070223s xx 000 0 eng d
040 ## - CATALOGING SOURCE
Original cataloging agency KABU
Transcribing agency KABU
050 #0 - LIBRARY OF CONGRESS CALL NUMBER
Classification number DT434
Item number .M6J49
100 1# - MAIN ENTRY--PERSONAL NAME
Personal name Jewell, John H. A.
-- 0000149493
245 10 - TITLE STATEMENT
Title Mombasa :
Remainder of title the friendly town /
Statement of responsibility, etc. John H. A. Jewell.
260 ## - PUBLICATION, DISTRIBUTION, ETC. (IMPRINT)
Place of publication, distribution, etc. Nairobi :
Name of publisher, distributor, etc. EAPH,
Date of publication, distribution, etc. 1976.
300 ## - PHYSICAL DESCRIPTION
Extent xvi, 60 p.
651 #0 - SUBJECT ADDED ENTRY--GEOGRAPHIC NAME
Geographic name Mombasa
General subdivision History.
-- 0000149494
908 ## - PUT COMMAND PARAMETER (RLIN)
Put command parameter 070223
950 ## - LOCAL HOLDINGS (RLIN)
-- 1
Holdings
Withdrawn status Lost status Source of classification or shelving scheme Not for loan Home library Current library Date acquired Total Checkouts Full call number Barcode Date last seen Price effective from Koha item type
    Library of Congress Classification   Kabarak, Main Campus Kabarak, Main Campus 17/12/2015   DT434 .M6J49 010711 17/12/2015 17/12/2015 Africana Collection